Una ciudad al occidente (Registro nro. 320599)

Detalles MARC
000 -ENCABEZADO
Número de control [NR] 01031nam a2200241 4500
005 - FECHA Y HORA DE LA ÚLTIMA TRANSACCIÓN
control field 20220215111740.0
008 - DE LONGITUD FIJA DE DATOS DE ELEMENTOS - INFORMACIÓN GENERAL
Elementos de longitud fija [NR] 220215s2020 ck a|||gr|||| 00| 0 spa d
020 ## - NUMERO INTERNACIONAL NORMALIZADO PARA LIBROS [R]
Número Internacional Normalizado del libro [NR] 9789587844825
040 ## - FUENTE DE CATALOGACION [NR]
Agencia de catalogación original [NR] CO-BoUCM
Idioma de catalogación [NR] spa
Quien Cataloga Deissy Garcia
Quien Clasifica Deissy Garcia
041 0# - CODIGO DE IDIOMA [R]
Código de idioma para texto/pista de sonido o título separado [R] Español
100 1# - ASIENTO PRINCIPAL--NOMBRE PERSONAL [NR]
ID Autoridad 173425
Nombre personal [NR] Farfán Rodríguez, John
245 14 - MENCION DE TITULO [NR]
Título [NR] Una ciudad al occidente
Parte restante del título [NR] ejidos, urbanizaciones y barrios obreros en Bogotá
Mención de responsabilidad, etc. [NR] John Farfán Rodríguez
260 ## - PUBLICACION, DISTRIBUCION, ETC. (PIE DE IMPRENTA) [R]
Lugar de publicación, distribución, etc. [R] Bogotá
Nombre del editor, distribuidor, etc. [R] Universidad del Rosario
-- Universidad Nacional Colombia
Fecha de publicación, distribución, etc. [R] 2020
300 ## - DESCRIPCION FISICA [R]
Extensión [R] 270 páginas
Otros detalles físicos [NR] ilustraciones, fotografías, mapas, planos
504 ## - NOTA DE BIBLIOGRAFIA, ETC. [R]
Nota de bibliografía, etc. [NR] Incluye referencias bibliográficas
650 #7 - ASIENTO SECUNDARIO DE MATERIA - TERMINO TEMATICO [R]
Término temático o nombre geográfico como elemento de entrada [NR] Urbanismo
Subdivisión general [R] Historia
Subdivisión geográfica [R] Bogotá (Colombia)
9 (RLIN) 173426
650 #7 - ASIENTO SECUNDARIO DE MATERIA - TERMINO TEMATICO [R]
Término temático o nombre geográfico como elemento de entrada [NR] Tenencia de la tierra
Subdivisión general [R] Investigaciones
Subdivisión geográfica [R] Bogotá (Colombia)
9 (RLIN) 173427
650 #7 - ASIENTO SECUNDARIO DE MATERIA - TERMINO TEMATICO [R]
Término temático o nombre geográfico como elemento de entrada [NR] Desarrollo urbano
9 (RLIN) 12996
650 #7 - ASIENTO SECUNDARIO DE MATERIA - TERMINO TEMATICO [R]
Término temático o nombre geográfico como elemento de entrada [NR] Ejidos
Subdivisión geográfica [R] Bogotá (Colombia)
9 (RLIN) 173428
710 2# - ASIENTO SECUNDARIO - NOMBRE CORPORATIVO [R]
Nombre corporativo o de jurisdicción como elemento de entrada [NR] Universidad Nacional de Colombia
9 (RLIN) 3820
942 ## - ELEMENTOS DE ENTRADA AGREGADOS (KOHA)
Sistema de clasificación DEWEY
Tipo de ítem principal el descrito en 300a Edición Rosarista
Tema principal Arte
Edición 1
Clasificación 711.40986
Parte restante de la signatura top. F222c
Título oculto en OPAC No
Existencias
Total préstamos Signatura topográfica Código de barras Última vez visto Ejemplar Costo de reposición Price effective from Tipo de ítem Perdido Sistema de clasificación Dañado No prestable Tipo de ítem específico Suprimido Ubicación habitual Ubicación actual Localización Fecha de creación Forma de adquisición Costo Fecha de último préstamo Total Renewals
  711.40986 F222c 100169350 03/12/2025 Ej.1 22000.00 15/02/2022 Edición Rosarista   DEWEY     Libro Edición Rosarista   Claustro Claustro 4to piso 15/02/2022 Compra 22000.00    
4 711.40986 F222c 100169351 06/12/2025 Ej.2 22000.00 15/02/2022 Libro   DEWEY     Libro   Claustro Claustro 2do piso 15/02/2022 Compra 22000.00 20/01/2023 9
  711.40986 F222c 100169352 06/12/2025 Ej.3 22000.00 15/02/2022 Libro   DEWEY     Libro   Claustro Claustro 2do piso 15/02/2022 Compra 22000.00    
  711.40986 F222c 100169353 06/12/2025 Ej.4 22000.00 15/02/2022 Libro   DEWEY     Libro   Claustro Claustro 2do piso 15/02/2022 Compra 22000.00